Analýza vplyvu oceňovania majetku a záväzkov reálnou hodnotou pri zostavovaní konsolidovanej účtovnej závierky diplomová práca

Na minha lista:
Detalhes bibliográficos
Autor principal: Dubajová, Eva
Autor Corporativo: Fakulta hospodárskej informatiky EU. Katedra účtovníctva a audítorstva
Outros Autores: Parajka, Branislav, 1981-
Formato: Livro
Idioma:eslovaco
Publicado em: Bratislava 2012
Tags: Adicionar Tag
Sem tags, seja o primeiro a adicionar uma tag!

MARC

LEADER 00000nbm a2200000 4500
001 0154656
005 20161109102135.0
041 0 |a slo 
044 |a SK 
245 1 0 |a Analýza vplyvu oceňovania majetku a záväzkov reálnou hodnotou pri zostavovaní konsolidovanej účtovnej závierky  |b diplomová práca  |c Eva Dubajová ; školiteľ: Branislav Parajka 
264 1 |a Bratislava  |c 2012 
300 |a 59 s. 
100 1 |a Dubajová, Eva 
700 1 |a Parajka, Branislav, 1981- 
710 2 |a Fakulta hospodárskej informatiky EU. Katedra účtovníctva a audítorstva